Espacio, tiempo y arquitectura: el futuro de una nueva tradición

Պահպանված է:
Մատենագիտական մանրամասներ
Հիմնական հեղինակ: Giedion, Sigfried (Հեղինակ)
Ձևաչափ: Գիրք
Լեզու:իսպաներեն
Հրապարակվել է: Barcelona Científico Médica 1961
Հրատարակություն:3a. ed
Խորագրեր:
Ցուցիչներ: Ավելացրեք ցուցիչ
Չկան պիտակներ, Եղեք առաջինը, ով նշում է այս գրառումը!

MARC

LEADER 00000nam a2200000 a 4500
001 UCT1658
003 CL-VaPUC
008 961004e19610000SP |||||||||||||||||spa|d
082 0 4 |a 720.9  |b GIE  |2 21 
100 |a Giedion, Sigfried  |e author  |9 547929 
245 1 0 |a Espacio, tiempo y arquitectura: el futuro de una nueva tradición 
250 |a 3a. ed 
300 |a 808 p 
942 |c BK 
945 |d 19961004 00:00:00  |a nastorga 
260 |a Barcelona  |b Científico Médica  |c 1961 
650 0 |a Arquitectura antigua  |9 262616 
650 0 |a Arquitectura contemporánea  |9 367350 
650 0 |a Urbanismo  |9 255208 
650 0 |a Materiales de construcción  |9 260197 
650 0 |a Diseño arquitectónico   |9 265271 
583 |a last modification  |c 20160921 10:06:45  |k Rodrigo Vera 
999 |c 252121  |d 252119 
952 |0 0  |1 0  |4 0  |6 720_900000000000000_GIE_1961  |7 0  |8 A  |9 271812  |a BIBARQ  |b BIBARQ  |d 2019-11-19  |i 3235025  |l 1  |o 720.9 GIE 1961  |p 3235025  |r 2025-01-20  |s 2024-05-03  |w 2019-11-19  |y BK  |k ARQ